| 000 | 00392nam a2200133Ia 4500 | ||
|---|---|---|---|
| 008 | 231129s2000||||xx |||||||||||||| ||spa|| | ||
| 040 | _bspa | ||
| 082 | _a344.07911 C718m | ||
| 100 | _aColombia. Ministerio de Trabajo y Seguridad Social | ||
| 245 | 0 | _aManual único para la calificación de la invalidez: decreto 917 de 1999 | |
| 260 | _c2000 | ||
| 264 | _aEl Ministerio | ||
| 942 |
_2ddc _cBKS |
||
| 999 |
_c20560 _d20560 |
||